000 00699nam a2200289Ia 4500
005 20260324130604.0
008 008 260324s9999 xx 000 0 eng d
020 _a9780429236518
037 _aEBOOK
040 _aCRL
040 _beng
040 _cCRL
041 _2eng
041 _aeng
084 _qCRL
100 _aJohn Poertner; Charles A. Rapp
_91182343
245 0 _aTextbook of Social Administration
245 4 _bThe Consumer-Centered Approach
260 _bTaylor and Francis
260 _c2007
365 _a
365 _b325
856 _uhttp://www.taylorfrancis.com/books/9780429236518
942 _cEBOOK
999 _c1778644
_d1778644